La alternativa pedagógica / (Record no. 2101)

MARC details
000 -CABECERA
campo de control de longitud fija 00552nam a2200193 a 4500
005 - FECHA Y HORA DE LA ÚLTIMA TRANSACCIÓN
campo de control 20230525063514.0
008 - ELEMENTOS DE LONGITUD FIJA--INFORMACIÓN GENERAL
campo de control de longitud fija 991125s1981 es 000 0 spa u
020 ## - NÚMERO INTERNACIONAL NORMALIZADO PARA LIBROS
Número Internacional Estándar del Libro 8473671791
035 ## - NÚMERO DE CONTROL DEL SISTEMA
Número de control de sistema UPN01000002101
049 ## - COLECCIÓN
Colección CG
050 #4 - SIGNATURA TOPOGRÁFICA DE LA BIBLIOTECA DEL CONGRESO
Número de clasificación HX526
Número de documento/Ítem G7.38
100 1# - ASIENTO PRINCIPAL--NOMBRE PERSONAL
Nombre de persona Gramsci, Antonio,
Fechas asociadas al nombre 1891-1937
245 13 - MENCIÓN DE TÍTULO
Título La alternativa pedagógica /
Mención de responsabilidad, etc. Antonio Gramsci ; tr. Carlos Cristo.
260 ## - PUBLICACIÓN, DISTRIBUCIÓN, ETC.
Lugar de publicación, distribución, etc. Barcelona [Esp.] :
Nombre del editor, distribuidor, etc. Fontamara,
Fecha de publicación, distribución, etc. 1981.
300 ## - DESCRIPCIÓN FÍSICA
Extensión 251 p.
440 #0 - MENCIÓN DE SERIE/ASIENTO SECUNDARIO--TÍTULO
Título Ensayo contemporáneo
650 #4 - ASIENTO SECUNDARIO DE MATERIA - TERMINO TEMATICO
Término de materia o nombre geográfico como elemento de entrada Socialismo y educación
9 (RLIN) 7302
905 ## - TIPO DE MATERIAL
Tipo de material Libro
Holdings
Estado de retiro Estado de pérdida Fuente del sistema de clasificación o colocación Estado dañado No para préstamo Código de colección Localización permanente Ubicación/localización actual Ubicación en estantería Fecha de adquisición Total de préstamos Renovaciones totales Clasificación Código de barras Fecha visto por última vez Fecha del último préstamo Número de copia Tipo de ítem Koha Precio válido a partir de
    Library of Congress Classification     Colección General Bib. Gregorio Torres Quintero Bib. Gregorio Torres Quintero Planta baja 10/11/2022 6 2 HX526 G7.38 324109 13/10/2025 01/10/2025 1 Libro  
    Library of Congress Classification     Colección General Bib. Gregorio Torres Quintero Bib. Gregorio Torres Quintero Planta baja 04/09/2024 32   HX526 G7.38 69128 05/09/2024 04/09/2024 1 Libro  
    Library of Congress Classification     Colección General Bib. Gregorio Torres Quintero Bib. Gregorio Torres Quintero Planta baja 12/02/2025     HX526 G7.38 340594 12/02/2025   Ej.3 Libro 12/02/2025